000 00503nab a2200145Ia 4500
003 ES-SlBCS
005 20210601132858.0
008 140529s1971 xxu||||| |||| 00| 0 ita d
041 _aita
100 1 _aNegri, Antimo
_959984
245 0 0 _aFilosofia dell'integralità e civiltà contemporanea (Lettera apertissima a M. F. Sciacca)
_c Antimo Negri
650 0 4 _aFilosofía de la Integralidad
_9199663
773 0 _tGiornali di Metafisica
_gvol. 26, nº. 5-6, 1971, págs. 427-452
_w0017-0372
942 _cAR
999 _c587074
_d587074